[Event "Piacenza op 2nd"]
[Site "Piacenza"]
[Date "2024.09.28"]
[Round "4"]
[White "Bosi, Clint"]
[Black "Rostalnyi, Kyrylo"]
[Result "0-1"]
[WhiteElo "2117"]
[BlackElo "1938"]
[PlyCount "72"]
[EventDate "2024.09.27"]
[EventType "swiss"]
[EventRounds "6"]
[EventCountry "ITA"]
[SourceTitle "EXT 2025"]
[Source "ChessBase"]
[SourceDate "2024.10.14"]
[SourceVersion "1"]
[SourceVersionDate "2024.10.14"]
[SourceQuality "1"]

1. f4 b6 2. Nf3 Bb7 3. e4 e6 4. d3 d5 5. e5 d4 6. g3 c5 7. Bg2 Ne7 8. Qe2 Nf5 9. g4 Nh4 10. Nxh4 Qxh4+ 11. Qf2 Qxf2+ 12. Kxf2 Bxg2 13. Kxg2 Nc6 14. a4 h5 15. h3 hxg4 16. hxg4 Rxh1 17. Kxh1 g5 18. Na3 Bg7 19. Nc4 Ke7 20. Kg2 Nb4 21. Bd2 Nxc2 22. Rc1 Ne3+ 23. Bxe3 dxe3 24. f5 f6 25. fxe6 Kxe6 26. a5 fxe5 27. Kf3 e4+ 28. Kxe4 Rf8 29. Kxe3 Bd4+ 30. Ke2 Rf2+ 31. Kd1 b5 32. Nd2 Be3 33. Rc2 Rxd2+ 34. Rxd2 Bxd2 35. Kxd2 Ke5 36. Ke3 a6 0-1

[Event "ITA-ch qual CM"]
[Site "Alessandria"]
[Date "2018.07.27"]
[Round "7.1"]
[White "Baldizzone, Mario"]
[Black "Bosi, Clint"]
[Result "1-0"]
[WhiteElo "2097"]
[BlackElo "2065"]
[PlyCount "101"]
[EventDate "2018.07.21"]
[EventType "swiss"]
[EventRounds "9"]
[EventCountry "ITA"]
[SourceTitle "EXT 2023"]
[Source "ChessBase"]
[SourceDate "2022.10.05"]
[SourceVersion "1"]
[SourceVersionDate "2022.10.05"]
[SourceQuality "1"]

1. e4 e6 2. Nc3 d5 3. Nf3 c5 4. exd5 exd5 5. Bb5+ Nc6 6. Qe2+ Be7 7. Ne5 Qd6 8. d4 Bd7 9. Bf4 Nxd4 10. Bxd7+ Qxd7 11. Qd3 Qf5 12. Qxf5 Nxf5 13. Nxd5 Bd6 14. 0-0-0 Nge7 15. Rhe1 0-0 16. Nxe7+ Bxe7 17. Rd7 Rfe8 18. Nf3 g5 19. Nxg5 Bxg5 20. Rxe8+ Rxe8 21. Bxg5 Re2 22. g4 h6 23. Bf6 Nd4 24. f4 Rxc2+ 25. Kd1 Rf2 26. f5 Nxf5 27. gxf5 Rxf5 28. Bh4 Rf4 29. Bg3 Rb4 30. Kc2 a6 31. Kc3 b5 32. b3 Rg4 33. Rd6 f5 34. Rf6 b4+ 35. Kb2 c4 36. bxc4 Rxc4 37. Rxf5 Re4 38. Ra5 Re6 39. Kb3 Rb6 40. Ra4 Kf7 41. Rxb4 Rc6 42. a4 h5 43. a5 Rc5 44. Rb7+ Ke8 45. Kb4 Rc2 46. Rb6 h4 47. Bd6 Kd7 48. Rxa6 Rd2 49. Kc5 Rc2+ 50. Kd5 Rd2+ 51. Ke4 1-0

[Event "Milan Repubblica op"]
[Site "Milan"]
[Date "2012.06.03"]
[Round "6"]
[White "Bosi, Clint"]
[Black "Guzzetti, Luigi Enrico"]
[Result "1-0"]
[WhiteElo "2045"]
[BlackElo "1965"]
[PlyCount "107"]
[EventDate "2012.05.31"]
[EventType "swiss"]
[EventRounds "6"]
[EventCountry "ITA"]
[SourceTitle "EXT 2015"]
[Source "ChessBase"]
[SourceDate "2014.11.20"]
[SourceVersion "1"]
[SourceVersionDate "2014.11.20"]
[SourceQuality "1"]

1. f4 Nf6 2. Nf3 g6 3. g3 Bg7 4. Bg2 d6 5. d3 0-0 6. e4 c6 7. Nc3 Qc7 8. Qe2 e5 9. 0-0 Nbd7 10. Nh4 h6 11. f5 g5 12. Nf3 b5 13. g4 b4 14. Nd1 d5 15. h4 dxe4 16. dxe4 Nc5 17. Ne1 Ba6 18. Nd3 Rfd8 19. N1f2 gxh4 20. g5 hxg5 21. Bxg5 Nxd3 22. cxd3 Qd6 23. Rad1 Rd7 24. Kh2 Nh7 25. Be3 Nf6 26. Rg1 c5 27. b3 Kf8 28. Bf1 Ne8 29. Qh5 Ke7 30. Qh7 Bf6 31. Rg8 Nc7 32. Rc1 c4 33. Rxa8 Nxa8 34. dxc4 Rd8 35. Rd1 Qc7 36. Rxd8 Qxd8 37. Bc5+ Kd7 38. Qxf7+ Be7 39. Qxe7+ Qxe7 40. Bxe7 Kxe7 41. Nd3 Bb7 42. Bg2 Nb6 43. Nxb4 Nd7 44. Nd3 Nf6 45. Nc5 Bc6 46. Kh3 a5 47. a3 Nh5 48. Kxh4 Nf4 49. Bf1 Kd6 50. b4 axb4 51. axb4 Be8 52. Kg5 Bh5 53. Nd3 Nxd3 54. Bxd3 1-0

[Event "Milan Repubblica op"]
[Site "Milan"]
[Date "2012.06.03"]
[Round "5"]
[White "Van Hoolandt, Patrick"]
[Black "Bosi, Clint"]
[Result "1-0"]
[WhiteElo "2139"]
[BlackElo "2045"]
[PlyCount "75"]
[EventDate "2012.05.31"]
[EventType "swiss"]
[EventRounds "6"]
[EventCountry "ITA"]
[SourceTitle "EXT 2015"]
[Source "ChessBase"]
[SourceDate "2014.11.20"]
[SourceVersion "1"]
[SourceVersionDate "2014.11.20"]
[SourceQuality "1"]

1. d4 f5 2. g3 Nf6 3. Bg2 g6 4. Nf3 Bg7 5. 0-0 0-0 6. c4 d6 7. Nc3 c6 8. d5 e5 9. dxe6 Bxe6 10. Qd3 Na6 11. Bf4 d5 12. Ng5 Nc5 13. Qc2 dxc4 14. Na4 Nfd7 15. Rad1 Qf6 16. Rd6 Rfe8 17. Nxe6 Rxe6 18. Nxc5 Nxc5 19. Qxc4 Rae8 20. Qxc5 Rxd6 21. Bxd6 Rxe2 22. Qc4+ Qe6 23. Qxe6+ Rxe6 24. Bf4 Re2 25. Rb1 Rxb2 26. Rxb2 Bxb2 27. Kf1 Kf7 28. Ke2 a6 29. Kd3 Ke6 30. Kc4 Ba3 31. Be3 Bd6 32. Bb6 Kf6 33. Kd4 Ke6 34. f4 Bb4 35. Bf1 Bd6 36. Bc4+ Kf6 37. Bd8+ Kg7 38. Be6 1-0

[Event "Milan Crespi op-B 31th"]
[Site "Milan"]
[Date "2010.12.06"]
[Round "4"]
[White "Ciciotti, Augusto Walter"]
[Black "Bosi, Clint"]
[Result "1/2-1/2"]
[WhiteElo "1909"]
[BlackElo "2049"]
[PlyCount "120"]
[EventDate "2010.12.04"]
[EventType "swiss"]
[EventRounds "7"]
[EventCountry "ITA"]
[SourceTitle "EXT 2024"]
[Source "ChessBase"]
[SourceDate "2023.10.10"]
[SourceVersion "1"]
[SourceVersionDate "2023.10.10"]
[SourceQuality "1"]

1. d4 f5 2. Nf3 Nf6 3. g3 g6 4. Bg2 Bg7 5. 0-0 d6 6. c4 0-0 7. Nc3 c6 8. d5 c5 9. Ne1 Nh5 10. Nd3 Na6 11. a3 Nc7 12. Bd2 a6 13. a4 b6 14. Rb1 Bd7 15. b4 cxb4 16. Nxb4 f4 17. Nc6 Bxc6 18. dxc6 fxg3 19. hxg3 Rb8 20. Nd5 e6 21. Nxb6 Bd4 22. Nd7 Rxb1 23. Qxb1 Nxg3 24. Qd3 Nxf1 25. Nxf8 Bxf2+ 26. Kxf1 Qxf8 27. Qf3 Bb6 28. Bb4 Qxf3+ 29. Bxf3 Ne8 30. a5 Bc5 31. Bc3 Kf7 32. Kg2 Nc7 33. e4 Ke7 34. Kg3 Be3 35. Bb4 e5 36. Bg4 Ne6 37. Kf3 Bc5 38. Be1 h5 39. Bh4+ Kf7 40. Bxe6+ Kxe6 41. Bd8 Bb4 42. Kg3 Bd2 43. Kh4 g5+ 44. Kxh5 Be3 45. Bb6 Bd2 46. Kg4 Ke7 47. Kf5 Bf4 48. c5 dxc5 49. Bxc5+ Kd8 50. Bd6 Bd2 51. Bxe5 Bxa5 52. Kxg5 Bb4 53. Kf5 a5 54. Ke6 a4 55. Kd5 a3 56. Kc4 Be7 57. Kb3 Kc8 58. Bf4 Kd8 59. Bb8 Kc8 60. Be5 Kd8 1/2-1/2

[Event "ITA-ch U20"]
[Site "Fiuggi"]
[Date "2007.07.23"]
[Round "6"]
[White "Bosi, Clint"]
[Black "Lombardo, Michele"]
[Result "0-1"]
[WhiteElo "2080"]
[BlackElo "2002"]
[PlyCount "140"]
[EventDate "2007.07.18"]
[EventType "swiss"]
[EventRounds "9"]
[EventCountry "ITA"]
[SourceTitle "CBM 119 Extra"]
[Source "ChessBase"]
[SourceDate "2007.09.04"]
[SourceVersion "1"]
[SourceVersionDate "2007.09.04"]
[SourceQuality "1"]

1. e4 g6 2. d4 Bg7 3. c4 c5 4. d5 d6 5. Nc3 Nf6 6. f3 Na6 7. Be3 Nc7 8. Qd2 h5 9. Bd3 a6 10. Nge2 Bd7 11. 0-0-0 b5 12. h3 bxc4 13. Bxc4 Rb8 14. Rhf1 Nb5 15. f4 Nxc3 16. Qxc3 Bb5 17. Rd2 Bxc4 18. Qxc4 Rb4 19. Qxa6 Nxe4 20. Qc6+ Qd7 21. Qa8+ Qd8 22. Qxd8+ Kxd8 23. Rc2 Kd7 24. Nc3 Nxc3 25. bxc3 Rc4 26. Kd2 Ra8 27. f5 Ra3 28. fxg6 fxg6 29. Bg5 Rcxc3 30. Rf7 Rxc2+ 31. Kxc2 Be5 32. Rxe7+ Kc8 33. h4 Rxa2+ 34. Kd3 Rxg2 35. Re8+ Kc7 36. Re7+ Kb6 37. Re6 Rg4 38. Rxg6 Rd4+ 39. Ke2 Rxd5 40. Rh6 Kc6 41. Rh7 Bb2 42. Bd8 Rf5 43. Kd3 Kd5 44. Kc2 Be5 45. Rh6 Kc4 46. Be7 d5 47. Re6 Bd4 48. Bg5 Bf2 49. Ra6 d4 50. Ra4+ Kd5 51. Ra8 c4 52. Rd8+ Ke4 53. Rc8 c3 54. Re8+ Re5 55. Rf8 Be3 56. Rg8 Rc5 57. Re8+ Kf3 58. Bxe3 dxe3 59. Rf8+ Ke2 60. Rf7 Rc4 61. Re7 Kf3 62. Rf7+ Rf4 63. Re7 e2 64. Kd3 Rd4+ 65. Kxd4 c2 66. Rf7+ Kg3 67. Rg7+ Kf3 68. Rf7+ Kg2 69. Rg7+ Kf1 70. Rf7+ Ke1 0-1

[Event "PV Province-ch"]
[Site "Vigevano"]
[Date "2007.01.06"]
[Round "5"]
[White "Bosi, Clint"]
[Black "Luise, Massimo"]
[Result "1-0"]
[WhiteElo "2048"]
[BlackElo "1488"]
[PlyCount "49"]
[EventDate "2007.01.04"]
[EventType "swiss"]
[EventRounds "5"]
[EventCountry "ITA"]
[SourceTitle "EXT 2010"]
[Source "ChessBase"]
[SourceDate "2010.11.25"]
[SourceVersion "1"]
[SourceVersionDate "2010.11.25"]
[SourceQuality "1"]

1. e4 e6 2. d4 d5 3. Nc3 dxe4 4. Nxe4 Bd7 5. Nf3 Bc6 6. Bd3 Nd7 7. Qe2 Ngf6 8. Neg5 h6 9. Nxe6 fxe6 10. Bg6+ Ke7 11. Bd2 a5 12. 0-0-0 b5 13. Rhe1 Bd5 14. Qxb5 Qb8 15. Qe2 Nb6 16. Ne5 Qb7 17. c4 Nxc4 18. Nxc4 Qc6 19. Bd3 Bxg2 20. Kb1 Qd5 21. Ne3 Qb7 22. Nxg2 Qxg2 23. Qxe6+ Kd8 24. Be4 Nxe4 25. Qd5+ 1-0

[Event "Milan Crespi op 27th"]
[Site "Milan"]
[Date "2006.12.09"]
[Round "5"]
[White "Stips, Felix"]
[Black "Bosi, Clint"]
[Result "0-1"]
[WhiteElo "1944"]
[BlackElo "2048"]
[PlyCount "70"]
[EventDate "2006.12.07"]
[EventType "swiss"]
[EventRounds "6"]
[EventCountry "ITA"]
[SourceTitle "EXT 2008"]
[Source "ChessBase"]
[SourceDate "2007.11.25"]
[SourceVersion "1"]
[SourceVersionDate "2007.11.25"]
[SourceQuality "1"]

1. e4 c5 2. Nf3 Nc6 3. d4 cxd4 4. Nxd4 e5 5. Nb5 d6 6. N1c3 a6 7. Na3 b5 8. Nd5 Nge7 9. c4 b4 10. Nc2 f5 11. exf5 Nxf5 12. Ncxb4 Ncd4 13. Bd3 Be7 14. Ne3 0-0 15. Be4 Rb8 16. Nxf5 Bxf5 17. Bxf5 Rxf5 18. Nc6 Qf8 19. 0-0 Nxc6 20. Qd5+ Qf7 21. Qxc6 Rf8 22. Be3 Bg5 23. Bxg5 Rxg5 24. Qxd6 Qxc4 25. g3 Rgf5 26. Qb6 h5 27. b3 Qg4 28. Qxa6 Kh7 29. Rae1 h4 30. Qc4 Rf4 31. Qe2 hxg3 32. Qxg4 gxh2+ 33. Kxh2 Rxg4 34. Rxe5 Kg6 35. f3 Rh8+ 0-1

[Event "ITA-ch U20"]
[Site "Bratto"]
[Date "2006.08.25"]
[Round "7"]
[White "Bosi, Clint"]
[Black "Mereu, Matteo"]
[Result "1/2-1/2"]
[WhiteElo "2050"]
[BlackElo "1497"]
[PlyCount "80"]
[EventDate "2006.08.19"]
[EventType "swiss"]
[EventRounds "9"]
[EventCountry "ITA"]
[SourceTitle "CBM 113 Extra"]
[Source "ChessBase"]
[SourceDate "2006.09.14"]
[SourceVersion "1"]
[SourceVersionDate "2006.09.14"]
[SourceQuality "1"]

1. e4 e5 2. Nf3 f5 3. d3 d6 4. Nc3 Nf6 5. Bd2 Nc6 6. Qe2 a5 7. g3 Be7 8. Bg2 0-0 9. 0-0 fxe4 10. Nxe4 Bg4 11. h3 Nd4 12. Qd1 Nxe4 13. hxg4 Nxf3+ 14. Bxf3 Nxd2 15. Bd5+ Kh8 16. Qxd2 c6 17. Bg2 Qb6 18. Qe3 Qxe3 19. fxe3 Rxf1+ 20. Kxf1 Kg8 21. Ke2 Bf6 22. Rh1 h6 23. Rf1 Kf7 24. g5 hxg5 25. Rh1 Ke7 26. Bf3 c5 27. Bxb7 Rb8 28. Bd5 Rxb2 29. Bb3 a4 30. Bxa4 Rxa2 31. Bb3 Ra8 32. Bd5 Rd8 33. Rb1 Rd7 34. Kf3 Rc7 35. Ke4 Ra7 36. Bc4 Rc7 37. Kd5 Kd7 38. Rb6 Be7 39. Bb5+ Kd8 40. Ke6 Ra7 1/2-1/2

[Event "Milan Crespi op 26th"]
[Site "Milan"]
[Date "2005.12.10"]
[Round "5"]
[White "Bosi, Clint"]
[Black "Salmoiraghi, Angelo"]
[Result "0-1"]
[WhiteElo "2027"]
[BlackElo "1959"]
[PlyCount "88"]
[EventDate "2005.12.07"]
[EventType "swiss"]
[EventRounds "7"]
[EventCountry "ITA"]
[SourceTitle "EXT 2007"]
[Source "ChessBase"]
[SourceDate "2006.11.23"]
[SourceVersion "1"]
[SourceVersionDate "2006.11.23"]
[SourceQuality "1"]

1. e4 e6 2. d4 d5 3. Nc3 Nf6 4. e5 Nfd7 5. Nf3 c5 6. Bf4 Nc6 7. Bb5 a6 8. Bxc6 bxc6 9. 0-0 cxd4 10. Nxd4 c5 11. Nf3 Be7 12. Re1 Bb7 13. Qd2 0-0 14. Rad1 Rb8 15. Ng5 h6 16. Nf3 g5 17. Bg3 g4 18. Qxh6 gxf3 19. gxf3 Bg5 20. Qh5 Kg7 21. Qg4 Kh7 22. f4 Bh6 23. f5 Qg5 24. Qh3 d4 25. fxe6 fxe6 26. Qxe6 Qf5 27. Qxf5+ Rxf5 28. e6 Ne5 29. Bxe5 Rg8+ 30. Bg3 Bf3 31. Ne2 Re8 32. Nxd4 cxd4 33. Rxd4 Bg7 34. Rd7 Kg6 35. b4 Bc3 36. Re3 Bxb4 37. h4 Bc5 38. Re5 Rxe5 39. Bxe5 Rxe6 40. Rg7+ Kh6 41. Bc3 Bb4 42. Rf7 Rg6+ 43. Kh2 Bd6+ 44. Kh3 Bg2# 0-1

[Event "ITA-ch U20"]
[Site "Bratto"]
[Date "2005.08.24"]
[Round "5"]
[White "Damia, Angelo"]
[Black "Bosi, Clint"]
[Result "1-0"]
[WhiteElo "2155"]
[BlackElo "2025"]
[PlyCount "55"]
[EventDate "2005.08.20"]
[EventType "swiss"]
[EventRounds "9"]
[EventCountry "ITA"]
[SourceTitle "EXT 2006"]
[Source "ChessBase"]
[SourceDate "2005.11.24"]
[SourceVersion "1"]
[SourceVersionDate "2005.11.24"]
[SourceQuality "1"]

1. e4 g6 2. d4 Bg7 3. Nc3 d6 4. f4 e5 5. dxe5 dxe5 6. Qxd8+ Kxd8 7. Nf3 exf4 8. Bxf4 Bxc3+ 9. bxc3 Be6 10. 0-0-0+ Kc8 11. Ng5 Ne7 12. Nxe6 fxe6 13. Bc4 b6 14. Bxe6+ Kb7 15. Bg5 Nbc6 16. Rd7 Rhe8 17. Rf1 Ne5 18. Rxe7 Rxe7 19. Bxe7 Re8 20. Bd5+ c6 21. Bd6 cxd5 22. Bxe5 Rxe5 23. Rf7+ Kc6 24. exd5+ Rxd5 25. Rxh7 a5 26. h4 Kc5 27. Rc7+ Kd6 28. Rg7 1-0

[Event "ITA-ch U20"]
[Site "Bratto"]
[Date "2005.08.20"]
[Round "1"]
[White "Hellweger, Stefan"]
[Black "Bosi, Clint"]
[Result "0-1"]
[WhiteElo "1685"]
[BlackElo "2025"]
[PlyCount "76"]
[EventDate "2005.08.20"]
[EventType "swiss"]
[EventRounds "9"]
[EventCountry "ITA"]
[SourceTitle "EXT 2006"]
[Source "ChessBase"]
[SourceDate "2005.11.24"]
[SourceVersion "1"]
[SourceVersionDate "2005.11.24"]
[SourceQuality "1"]

1. e4 d6 2. d4 g6 3. f4 Bg7 4. Nf3 Nc6 5. Bb5 a6 6. Bxc6+ bxc6 7. 0-0 Nf6 8. Nc3 0-0 9. e5 Nd7 10. Ne4 d5 11. Ng3 e6 12. Be3 Qe7 13. Qd2 c5 14. dxc5 a5 15. Qc3 c6 16. a3 a4 17. b4 axb3 18. cxb3 Ba6 19. Rf2 f6 20. Bd4 fxe5 21. Nxe5 Nxe5 22. Bxe5 Bxe5 23. fxe5 Rxf2 24. Kxf2 Rf8+ 25. Kg1 Qg5 26. Re1 h5 27. Qe3 Qxe3+ 28. Rxe3 h4 29. Ne2 d4 30. Rf3 Rxf3 31. gxf3 Bxe2 32. Kf2 Bd1 33. b4 Ba4 34. Ke2 Bb5+ 35. Kd2 g5 36. Kc2 Kg7 37. Kb3 d3 38. Kc3 Kg6 0-1